|
|
|
|
| LEADER |
01685nam a2200421 i 4500 |
| 001 |
nkc20243588149 |
| 003 |
CZ PrNK |
| 005 |
20240506141350.0 |
| 007 |
ta |
| 008 |
240208s2024 xr e p 000 0 cze |
| 015 |
|
|
|a cnb003588149
|
| 020 |
|
|
|a 978-80-88431-22-0
|q (brožováno)
|
| 035 |
|
|
|a (OCoLC)1433648230
|
| 040 |
|
|
|a BOA001
|b cze
|e rda
|
| 072 |
|
7 |
|a 808
|x Literární styl. Literární činnost a technika. Efektivní využívání jazyka. Spisovatelská činnost
|2 Konspekt
|9 11
|
| 072 |
|
7 |
|a 37.016
|x Učební osnovy. Vyučovací předměty. Učebnice
|2 Konspekt
|9 22
|
| 080 |
|
|
|a 808.1
|2 MRF
|
| 080 |
|
|
|a (075.8)
|2 MRF
|
| 100 |
1 |
|
|a Kubec, Daniel,
|d 1988-
|7 xx0128657
|4 aut
|
| 245 |
1 |
0 |
|a Základy tvůrčího psaní /
|c Daniel Kubec
|
| 264 |
|
1 |
|a Praha :
|b Vysoká škola kreativní komunikace, Literární akademie,
|c 2024
|
| 300 |
|
|
|a 97 stran ;
|c 21 cm
|
| 336 |
|
|
|a text
|b txt
|2 rdacontent
|
| 337 |
|
|
|a bez média
|b n
|2 rdamedia
|
| 338 |
|
|
|a svazek
|b nc
|2 rdacarrier
|
| 504 |
|
|
|a Obsahuje bibliografii a bibliografické odkazy
|
| 650 |
0 |
7 |
|a tvůrčí psaní
|7 ph126817
|2 czenas
|
| 650 |
0 |
9 |
|a creative writing
|2 eczenas
|
| 655 |
|
7 |
|a učebnice vysokých škol
|7 fd133772
|2 czenas
|
| 655 |
|
9 |
|a textbooks (higher)
|2 eczenas
|
| 710 |
2 |
|
|a Vysoká škola kreativní komunikace.
|b Literární akademie
|7 olak20201084183
|4 isb
|
| 910 |
2 |
|
|a BOA001
|b 2-1521.964
|
| 928 |
9 |
|
|a Literární akademie
|
| 990 |
|
|
|a BK
|
| 995 |
|
|
|a 01
|
| 991 |
|
|
|b 202403
|c NOV
|
| 996 |
6 |
|
|b 2610964414
|c 2-1521.964
|l MZK
|r Sklad / do 1 hodiny
|n 4
|p p.v.
|w 001957198
|u 000010
|a 1
|e BOA001
|j MZK50
|s P
|
| 996 |
7 |
|
|b 2610966029
|c 2-1521.964
|l Vol.výběr
|r VV 1p
|n 10
|p kup
|h 80 KUB
|w 001957198
|u 000020
|a 0
|e BOA001
|j MZK50
|s A
|